000 00445nam a22001937a 4500
003 MPLRDC
005 20220104173847.0
008 210129b ||||| |||| 00| 0 eng d
020 _a0-590-13274-1
082 _a870.57 CUSI
100 _aRICHIE TANKERSLEY CUSICK
245 _aFATAL SECRETS
_c
250 _a再版
260 _a
_bSCHOLASTIC
_c1995
300 _b
490 _aPOINT HORROR
650 _a
942 _cBK
_o870.57 CUSI
999 _c59604
_d59594